01606nam a2200337 i 4500001000300000003000400003005001700007008003900024020001500063040000800078041001300086080001000099080001100109080001100120080001000131080001000141080001200151245019700163260003300360300002000393490008100413500035300494650004000847650004300887650003900930650004800969700003001017700004101047830008201088856009801170bgBPK20201215085258.0961010s1996 pl |000 0 pol a8386467266 cBPK1 apolheng a58/59 a502.17 a341.24 a349.6 a339.5 a(083.8) 0aKonwencja o międzynarodowym handlu dzikimi zwierzętami i roślinami gatunków zagrożonych wyginięciem /cpod red. Stanisława Wajdy i Janusza Żurka ; Instytut Ochrony Środowiska. aWarszawa :bIOŚ,c[1995?]. a66 s. ;c24 cm.1 aKonwencje Międzynarodowe i Uchwały Organizacji Międzynarodowych ;vz.13 aJednolity tekst konwencji sporządzony przez wydawcę na podstawie oficjalnego przekładu polskiego (Załącznik do Dz.U. nr 27, poz.112 z 4 kwietnia 1991 r.) i poprawionych załączników przyjętych przez Konferencję Stron według stanu na 16 lutego 1995 r. W załącznikach 1-3 zamieszczono łac. nazwy gatunków zwierząt i roślin. 4aRośliny chronionexhandelxprawo. 4aZwierzęta chronionexhandelxprawo.  4aUmowy międzynarodoweyod 1945 r. 4aPrawo ochrony środowiska międzynarodowe1 aŻurek, JanuszeRedakcja1 aWajda, Stanisławc(prawo)eRedakcja aKonwencje Międzynarodowe i Uchwały Organizacji Międzynarodowych ;vz. 13 uhttp://koha.tu.koszalin.pl/cgi-bin/koha/opac-detail.pl?biblionumber=31221yKatalog online BPK